000 00360nam a2200133Ia 4500
008 240624s9999 xx 000 0 und d
041 _aeng
082 _a658.049 CHE
100 _aCHERUNILAM FRANCIS
245 _aINTERNATIONAL BUSINESS ENVIRONMENT
260 _c2008
_aNew Delhi
_bHimalaya Publishing House
300 _a532 : p. : cm. ; 24
365 _cRS
_b25
999 _c12068
_d12068